LIBRARY ONLINE CATALOGUE

Auditing today / (Record no. 1986)

MARC details
000 -LEADER
fixed length control field 00626cam a22002172 4500
001 - CONTROL NUMBER
control field 0000002407
005 - DATE AND TIME OF LATEST TRANSACTION
control field 20151217145728.0
008 - FIXED-LENGTH DATA ELEMENTS--GENERAL INFORMATION
fixed length control field 070410s xx 000 0 eng d
020 ## - INTERNATIONAL STANDARD BOOK NUMBER
International Standard Book Number 0135894662 :
Terms of availability KES 3,690
040 ## - CATALOGING SOURCE
Original cataloging agency KABU
Transcribing agency KABU
050 #0 - LIBRARY OF CONGRESS CALL NUMBER
Classification number HF5667
Item number .W66 1997
100 1# - MAIN ENTRY--PERSONAL NAME
Personal name Woolf, Emile.
-- 0000151760
245 10 - TITLE STATEMENT
Title Auditing today /
Statement of responsibility, etc. Emile Wolf.
250 ## - EDITION STATEMENT
Edition statement 6th ed.
260 ## - PUBLICATION, DISTRIBUTION, ETC. (IMPRINT)
Place of publication, distribution, etc. Harlow, England :
Name of publisher, distributor, etc. Prentice Hall/Financial Times,
Date of publication, distribution, etc. c1997.
300 ## - PHYSICAL DESCRIPTION
Extent xvi, 530 p. ;
Dimensions 24 cm.
650 #0 - SUBJECT ADDED ENTRY--TOPICAL TERM
Topical term or geographic name as entry element Auditing.
-- 0000151729
908 ## - PUT COMMAND PARAMETER (RLIN)
Put command parameter 070410
950 ## - LOCAL HOLDINGS (RLIN)
-- 1
Holdings
Withdrawn status Lost status Source of classification or shelving scheme Not for loan Home library Current library Date acquired Total Checkouts Full call number Barcode Date last seen Date last checked out Price effective from Koha item type Total Renewals
    Library of Congress Classification   Kabarak, Main Campus Kabarak, Main Campus 17/12/2015 1 HF5667 .W66 1997 003377 22/11/2018 15/11/2018 17/12/2015 General Collection  
    Library of Congress Classification   Kabarak, Main Campus Kabarak, Main Campus 17/12/2015 3 HF5667 .W66 1997 003376 04/11/2024 16/10/2024 17/12/2015 General Collection 1
    Library of Congress Classification   Kabarak, Main Campus Kabarak, Main Campus 17/12/2015   HF5667 .W66 1997 003378 17/12/2015   17/12/2015 General Collection  
    Library of Congress Classification   Kabarak, Main Campus Kabarak, Main Campus 17/12/2015   HF5667 .W66 1997 003379 17/12/2015   17/12/2015 General Collection